[Event "Caracas Gus Cup"]
[Site "Caracas"]
[Date "2022.07.29"]
[Round "6"]
[White "Sanchez Fleire, Axtlan Migher"]
[Black "Rojas, Luis Gabriel"]
[Result "1-0"]
[WhiteElo "2012"]
[BlackElo "1961"]
[PlyCount "113"]
[EventDate "2022.07.27"]
[EventType "tourn"]
[EventRounds "9"]
[EventCountry "VEN"]
[SourceTitle "CBM 209 Extra"]
[Source "ChessBase"]
[SourceDate "2022.09.30"]
[SourceVersion "1"]
[SourceVersionDate "2022.09.30"]
[SourceQuality "1"]

1. e4 e6 2. Nc3 d5 3. Nf3 Nf6 4. e5 Nfd7 5. d4 a6 6. Bf4 c5 7. dxc5 Nc6 8. a3 Bxc5 9. Bd3 h6 10. h4 b5 11. 0-0 Be7 12. h5 Nc5 13. Ne2 Bb7 14. Ned4 Nxd3 15. Qxd3 Nxd4 16. Nxd4 Qd7 17. Bd2 0-0 18. Rfe1 Rae8 19. b4 f6 20. Qg6 fxe5 21. Nxe6 Bd6 22. Nxf8 Rxf8 23. Rad1 Rf6 24. Qg3 Qf5 25. Qh3 Qxf2+ 26. Kh1 d4 27. Rf1 Qxf1+ 28. Rxf1 Rxf1+ 29. Kh2 e4+ 30. g3 Rf2+ 31. Kg1 Rf6 32. Qd7 e3 33. Qxb7 exd2 34. Qd5+ Kh8 35. Qxd4 Bxg3 36. Qxd2 Bf4 37. Qd8+ Kh7 38. Qd3+ Kh8 39. Qe4 Bc1 40. c4 bxc4 41. a4 c3 42. b5 axb5 43. axb5 Ba3 44. Qa8+ Bf8 45. Qc8 c2 46. Qxc2 Bd6 47. Qc4 Rf8 48. Qd5 Bb8 49. b6 Kh7 50. Qc5 Kg8 51. Kg2 Bf4 52. Kh3 Bb8 53. b7 Rf3+ 54. Kg2 Rf8 55. Qc8 Be5 56. Qe6+ Rf7 57. Qe8+ 1-0

[Event "Caracas Gus Cup"]
[Site "Caracas"]
[Date "2022.07.28"]
[Round "3"]
[White "Ramirez Gonzalez, Angel David"]
[Black "Sanchez Fleire, Axtlan Migher"]
[Result "1-0"]
[WhiteElo "1811"]
[BlackElo "2012"]
[PlyCount "125"]
[EventDate "2022.07.27"]
[EventType "tourn"]
[EventRounds "9"]
[EventCountry "VEN"]
[SourceTitle "CBM 209 Extra"]
[Source "ChessBase"]
[SourceDate "2022.09.30"]
[SourceVersion "1"]
[SourceVersionDate "2022.09.30"]
[SourceQuality "1"]

1. e4 Nf6 2. Nc3 e5 3. Nf3 Nc6 4. Bb5 Nd4 5. Bc4 Bc5 6. Nxd4 Bxd4 7. h3 Nxe4 8. Bxf7+ Kxf7 9. Nxe4 d5 10. Ng3 Rf8 11. 0-0 Qh4 12. Qh5+ Qxh5 13. Nxh5 Kg6 14. Ng3 h5 15. d3 Bd7 16. Ne2 Bb6 17. h4 Rae8 18. Bg5 Rf7 19. c4 Ref8 20. Be3 d4 21. Bg5 e4 22. Ng3 exd3 23. Rad1 c5 24. Rxd3 Bc7 25. Ne2 Bg4 26. f3 Bf5 27. Rdd1 Bc2 28. Rd2 d3 29. Nc1 Rd7 30. Nxd3 Bxd3 31. Rfd1 Be5 32. Rxd3 Rxd3 33. Rxd3 Bxb2 34. Rd7 Rf7 35. Rd6+ Kf5 36. Be3 b6 37. Kf2 Bf6 38. Rd5+ Kg6 39. g3 Re7 40. a4 Re5 41. Rd7 Re7 42. Rxe7 Bxe7 43. Bf4 Bd8 44. Be5 Kf7 45. Ke3 g6 46. Ke4 Ke6 47. Bb8 a6 48. Bf4 Be7 49. Bc7 Bd6 50. Bxd6 Kxd6 51. g4 Ke6 52. Kf4 Kf6 53. Ke4 Ke6 54. gxh5 gxh5 55. f4 Kf6 56. f5 Kf7 57. Ke5 Ke7 58. f6+ Kf7 59. Kf5 b5 60. axb5 axb5 61. cxb5 c4 62. b6 c3 63. b7 1-0

[Event "VEN-ch Expertos"]
[Site "Caracas"]
[Date "2022.04.15"]
[Round "5"]
[White "Sanchez Fleire, Axtlan Migher"]
[Black "Gauna Rojas, Jose Gregorio"]
[Result "1-0"]
[WhiteElo "1986"]
[BlackElo "2059"]
[PlyCount "91"]
[EventDate "2022.04.13"]
[EventType "swiss"]
[EventRounds "7"]
[EventCountry "VEN"]
[SourceTitle "CBM 207 Extra"]
[Source "ChessBase"]
[SourceDate "2022.05.31"]
[SourceVersion "1"]
[SourceVersionDate "2022.05.31"]
[SourceQuality "1"]

1. e4 e5 2. Nc3 Nf6 3. Bc4 Nc6 4. d3 Bc5 5. Bg5 h6 6. Bh4 d6 7. Nge2 Na5 8. Bb3 c6 9. Na4 Bb4+ 10. c3 Nxb3 11. axb3 Ba5 12. b4 Bc7 13. c4 0-0 14. Nac3 g5 15. Bg3 d5 16. Qc2 dxc4 17. dxc4 Be6 18. b3 Qe7 19. b5 Nh5 20. 0-0 Nf4 21. bxc6 bxc6 22. Ra6 Bb6 23. Na4 Qb7 24. Nxb6 axb6 25. Rxa8 Rxa8 26. Bxf4 gxf4 27. Qc3 f6 28. Rd1 Qe7 29. h3 Ra7 30. Kh2 Rd7 31. Ra1 Qd6 32. Qf3 Kh7 33. Ra6 Rb7 34. Qh5 Qd7 35. Nc3 Qd2 36. Qf3 Rd7 37. Na4 Rg7 38. Rxb6 f5 39. Nc5 Bd7 40. Nxd7 Qxd7 41. exf5 Qxf5 42. Qxc6 Qg5 43. Qe4+ Kh8 44. Rb8+ Rg8 45. Rxg8+ Kxg8 46. c5 1-0

[Event "VEN-ch Expertos"]
[Site "Caracas"]
[Date "2022.04.13"]
[Round "2"]
[White "Panitz Morales, Ralph Pedro"]
[Black "Sanchez Fleire, Axtlan Migher"]
[Result "0-1"]
[WhiteElo "2040"]
[BlackElo "1986"]
[PlyCount "92"]
[EventDate "2022.04.13"]
[EventType "swiss"]
[EventRounds "7"]
[EventCountry "VEN"]
[SourceTitle "CBM 207 Extra"]
[Source "ChessBase"]
[SourceDate "2022.05.31"]
[SourceVersion "1"]
[SourceVersionDate "2022.05.31"]
[SourceQuality "1"]

1. d4 Nf6 2. Bf4 d5 3. Nf3 c5 4. e3 Nc6 5. Nbd2 e6 6. c3 cxd4 7. exd4 Nh5 8. Be5 f6 9. Bg3 g6 10. Qb3 Bh6 11. Bb5 0-0 12. 0-0 a6 13. Bxc6 bxc6 14. Qc2 Bg7 15. Rfe1 Nxg3 16. hxg3 Qd6 17. Rad1 a5 18. Nb3 e5 19. Nc5 Bg4 20. Ra1 Rae8 21. a3 e4 22. Nh2 Bc8 23. Nf1 f5 24. b4 axb4 25. axb4 f4 26. gxf4 Rxf4 27. Ra8 Ref8 28. Qa2 Qf6 29. Re2 Kh8 30. b5 Bg4 31. Rxf8+ Bxf8 32. Rb2 Bf3 33. bxc6 Rg4 34. Ng3 Bxg2 35. Kxg2 Qf3+ 36. Kg1 e3 37. c7 exf2+ 38. Rxf2 Rxg3+ 39. Rg2 Qd1+ 40. Kh2 Rxc3 41. c8Q Qh5+ 42. Kg1 Rc1+ 43. Kf2 Qh4+ 44. Kf3 Qf6+ 45. Kg3 Rc3+ 46. Kh2 Qh4+ 0-1

[Event "San Cristobal op 3rd"]
[Site "San Cristobal"]
[Date "2016.11.13"]
[Round "7.9"]
[White "Carrillo Parra, Miguel Alfredo"]
[Black "Sanchez Fleire, Axtlan Migher"]
[Result "1-0"]
[WhiteElo "2203"]
[BlackElo "1882"]
[PlyCount "59"]
[EventDate "2016.11.10"]
[EventType "swiss"]
[EventRounds "7"]
[EventCountry "VEN"]
[SourceTitle "EXT 2022"]
[Source "ChessBase"]
[SourceDate "2021.10.06"]
[SourceVersion "1"]
[SourceVersionDate "2021.10.06"]
[SourceQuality "1"]

1. d4 Nf6 2. c4 c5 3. d5 b5 4. cxb5 a6 5. b6 g6 6. Nc3 Bg7 7. a4 Qxb6 8. a5 Qc7 9. e4 d6 10. Bc4 0-0 11. Nge2 Nbd7 12. f4 Rb8 13. 0-0 Ng4 14. h3 Rb4 15. b3 Ngf6 16. Qd3 Qa7 17. Bd2 Ne8 18. Kh1 Nc7 19. Rae1 Qa8 20. Ng1 Rd8 21. Nf3 f6 22. e5 fxe5 23. fxe5 Nxe5 24. Nxe5 Bxe5 25. Rxe5 dxe5 26. Qf3 Be6 27. Bh6 Nb5 28. Qe3 Qb8 29. dxe6 Nxc3 30. Qf3 1-0

[Event "San Cristobal op 3rd"]
[Site "San Cristobal"]
[Date "2016.11.10"]
[Round "2"]
[White "Sanchez Fleire, Axtlan Migher"]
[Black "Ramirez Vergara, Jemmily"]
[Result "1-0"]
[WhiteElo "1882"]
[BlackElo "1523"]
[PlyCount "83"]
[EventDate "2016.11.10"]
[EventType "swiss"]
[EventRounds "7"]
[EventCountry "VEN"]
[SourceTitle "EXT 2018"]
[Source "ChessBase"]
[SourceDate "2017.10.13"]
[SourceVersion "1"]
[SourceVersionDate "2017.10.13"]
[SourceQuality "1"]

1. e4 e6 2. Nf3 d5 3. Nc3 Nf6 4. e5 Nfd7 5. d4 c5 6. dxc5 Bxc5 7. Bd3 Nc6 8. Bf4 a6 9. 0-0 b5 10. a3 Qb6 11. b4 Bd4 12. Nxd4 Qxd4 13. Ne2 Qb6 14. Re1 Ndxe5 15. Ng3 Ng6 16. Bd6 Nce7 17. Bc5 Qc7 18. Nh5 Rg8 19. Qd2 f6 20. Rad1 e5 21. Bxg6+ hxg6 22. Bxe7 Kxe7 23. Nf4 Bb7 24. Qd3 Qc4 25. Nxg6+ Kf7 26. Qf5 Rge8 27. Rxe5 Qc3 28. Qd7+ Kxg6 29. Rxe8 Rxe8 30. Qxe8+ Kh7 31. Qe2 Kh8 32. Qd3 Qe5 33. Kf1 Qc7 34. Re1 Bc6 35. Re3 Qf4 36. Qe2 Bd7 37. Qh5+ Qh6 38. Qxh6+ gxh6 39. Re7 Bf5 40. c3 Be4 41. f3 Bf5 42. Rf7 1-0

[Event "Caracas FVA 80th Ann"]
[Site "Caracas"]
[Date "2015.12.20"]
[Round "7"]
[White "Hurtado Paredes, Jesus Ulpiano"]
[Black "Sanchez Fleire, Axtlan Migher"]
[Result "0-1"]
[WhiteElo "1461"]
[BlackElo "1901"]
[PlyCount "38"]
[EventDate "2015.12.16"]
[EventType "swiss"]
[EventRounds "8"]
[EventCountry "VEN"]
[SourceTitle "EXT 2018"]
[Source "ChessBase"]
[SourceDate "2017.10.13"]
[SourceVersion "1"]
[SourceVersionDate "2017.10.13"]
[SourceQuality "1"]

1. d4 Nf6 2. Nf3 g6 3. e3 Bg7 4. Bd3 0-0 5. Nbd2 d6 6. 0-0 Nbd7 7. Qe2 e5 8. c3 Qe7 9. e4 h6 10. dxe5 dxe5 11. Nb3 a5 12. a4 b6 13. Bb5 Bb7 14. Bxd7 Nxd7 15. Ne1 Qe6 16. Ra3 Ba6 17. Nd3 Rfd8 18. Rd1 Bf8 19. Ra1 Qxb3 0-1

[Event "Caracas FVA 80th Ann"]
[Site "Caracas"]
[Date "2015.12.20"]
[Round "8"]
[White "Sanchez Fleire, Axtlan Migher"]
[Black "Guanchez Vargas, Mariela Teresa"]
[Result "1/2-1/2"]
[WhiteElo "1901"]
[BlackElo "1609"]
[PlyCount "74"]
[EventDate "2015.12.16"]
[EventType "swiss"]
[EventRounds "8"]
[EventCountry "VEN"]
[SourceTitle "EXT 2018"]
[Source "ChessBase"]
[SourceDate "2017.10.13"]
[SourceVersion "1"]
[SourceVersionDate "2017.10.13"]
[SourceQuality "1"]

1. e4 e5 2. Nf3 Nc6 3. Bc4 Nf6 4. d3 h6 5. 0-0 Bc5 6. c3 d6 7. Re1 0-0 8. h3 Be6 9. Bb5 Ne7 10. Nbd2 c6 11. Ba4 Ng6 12. Nf1 Qc7 13. d4 exd4 14. cxd4 Bb6 15. Ng3 Ba5 16. Bd2 Bxd2 17. Qxd2 b5 18. Bc2 c5 19. d5 Bd7 20. e5 Nxe5 21. Nxe5 dxe5 22. d6 Qb6 23. Rxe5 Rfe8 24. Rae1 Rad8 25. Nf5 Rxe5 26. Rxe5 Bxf5 27. Bxf5 Rxd6 28. Qe3 Rd8 29. Qxc5 Qxc5 30. Rxc5 a6 31. Rc8 Rxc8 32. Bxc8 a5 33. Ba6 b4 34. Kf1 Kf8 35. Ke2 Ke7 36. Kd3 Kd6 37. Kd4 Nd7 1/2-1/2

[Event "Caracas FVA 80th Ann"]
[Site "Caracas"]
[Date "2015.12.16"]
[Round "2"]
[White "Sanchez Fleire, Axtlan Migher"]
[Black "Abatantuono Lattarulo, Giuseppe"]
[Result "0-1"]
[WhiteElo "1901"]
[BlackElo "2193"]
[PlyCount "38"]
[EventDate "2015.12.16"]
[EventType "swiss"]
[EventRounds "8"]
[EventCountry "VEN"]
[SourceTitle "EXT 2018"]
[Source "ChessBase"]
[SourceDate "2017.10.13"]
[SourceVersion "1"]
[SourceVersionDate "2017.10.13"]
[SourceQuality "1"]

1. e4 e5 2. d4 exd4 3. c3 dxc3 4. Bc4 cxb2 5. Bxb2 d5 6. exd5 Nf6 7. Ne2 Bd6 8. h3 0-0 9. 0-0 Nbd7 10. Nbc3 Ne5 11. Bb3 Bf5 12. Nd4 Qd7 13. Nxf5 Qxf5 14. Bc2 Nf3+ 15. Qxf3 Qxc2 16. Rab1 Rfe8 17. Rfc1 Qg6 18. Nb5 Ne4 19. Rd1 Nd2 0-1